|
|
|
|
| LEADER |
00000cam a2200000 7i4500 |
| 001 |
0000001399 |
| 005 |
20151222.0 |
| 008 |
070705 |
| 020 |
|
|
|a 9831434005
|
| 020 |
|
|
|a 983143417X(set)
|
| 090 |
0 |
0 |
|a JF
|b FT MAL (1080)
|
| 245 |
0 |
0 |
|a Buyung dengan geliga sakti
|c Diselenggarakan oleh Sulaiman Zakaria
|
| 260 |
|
|
|a Selangor :
|b Penerbit Mega Setia Emas ,
|c 2005
|
| 440 |
|
|
|a Siri mitos nusantara
|
| 500 |
|
|
|a Children ages 7-9 years old (orange)
|
| 650 |
|
0 |
|a Fantasy fiction, Malay
|
| 999 |
|
|
|a 0000007183
|b Book
|c Children Collection
|e Cawangan Taman Universiti
|
| 999 |
|
|
|a 0000007184
|b Book
|c Children Collection
|e Cawangan Taman Universiti
|
| 999 |
|
|
|a 0000007185
|b Book
|c Children Collection
|e Cawangan Taman Universiti
|
| 999 |
|
|
|a 0000007186
|b Book
|c Children Collection
|e Cawangan Taman Universiti
|
| 999 |
|
|
|a 0000958049
|b Book
|c Children Collection
|e Perbadanan Perpustakaan Awam Johor
|
| 999 |
|
|
|a 0000958051
|b Book
|c Children Collection
|e Cawangan Bukit Gambir
|
| 999 |
|
|
|a 0000958052
|b Book
|c Children Collection
|e Perbadanan Perpustakaan Awam Johor
|
| 999 |
|
|
|a 0000958053
|b Book
|c Children Collection
|e Perbadanan Perpustakaan Awam Johor
|